Hauptbahnhöfen in Deutschland - Statistiken

Allgemein
  • Dieses Quiz wurde 858 mal gespielt
  • Das Durchschnittsergebnis liegt bei 62 aus 123
Antwortstatistiken
Hint Antwort % Korrekt
Baden-Württemberg Stuttgart Hauptbahnhof
93%
Hessen Frankfurt (Main) Hauptbahnhof
89%
Bayern München Hauptbahnhof
89%
Hamburg Hamburg Hauptbahnhof
88%
Berlin Berlin Hauptbahnhof
87%
Bremen Bremen Hauptbahnhof
87%
Nordrhein-Westfalen Köln Hauptbahnhof
85%
Bayern Nürnberg Hauptbahnhof
85%
Nordrhein-Westfalen Düsseldorf Hauptbahnhof
84%
Niedersachsen Hannover Hauptbahnhof
84%
Sachsen Leipzig Hauptbahnhof
84%
Nordrhein-Westfalen Dortmund Hauptbahnhof
83%
Sachsen Dresden Hauptbahnhof
83%
Baden-Württemberg Mannheim Hauptbahnhof
82%
Schleswig-Holstein Kiel Hauptbahnhof
80%
Nordrhein-Westfalen Essen Hauptbahnhof
79%
Baden-Württemberg Freiburg (Breisgau) Hauptbahnhof
79%
Brandenburg Potsdam Hauptbahnhof
79%
Nordrhein-Westfalen Aachen Hauptbahnhof
78%
Thüringen Erfurt Hauptbahnhof
78%
Baden-Württemberg Karlsruhe Hauptbahnhof
78%
Bayern Augsburg Hauptbahnhof
77%
Rheinland-Pfalz Mainz Hauptbahnhof
77%
Mecklenburg-Vorpommern Rostock Hauptbahnhof
77%
Hessen Wiesbaden Hauptbahnhof
77%
Nordrhein-Westfalen Bonn Hauptbahnhof
76%
Saarland Saarbrücken Hauptbahnhof
76%
Nordrhein-Westfalen Duisburg Hauptbahnhof
75%
Hessen Kassel Hauptbahnhof
75%
Sachsen-Anhalt Magdeburg Hauptbahnhof
74%
Mecklenburg-Vorpommern Schwerin Hauptbahnhof
74%
Baden-Württemberg Ulm Hauptbahnhof
73%
Nordrhein-Westfalen Bochum Hauptbahnhof
72%
Bremen Bremerhaven Hauptbahnhof
71%
Sachsen Chemnitz Hauptbahnhof
71%
Sachsen-Anhalt Halle (Saale) Hauptbahnhof
69%
Nordrhein-Westfalen Münster (Westfalen) Hauptbahnhof
68%
Bayern Würzburg Hauptbahnhof
68%
Nordrhein-Westfalen Bielefeld Hauptbahnhof
67%
Niedersachsen Braunschweig Hauptbahnhof
67%
Hessen Darmstadt Hauptbahnhof
67%
Bayern Ingolstadt Hauptbahnhof
67%
Rheinland-Pfalz Koblenz Hauptbahnhof
66%
Schleswig-Holstein Lübeck Hauptbahnhof
66%
Niedersachsen Wolfsburg Hauptbahnhof
66%
Baden-Württemberg Heidelberg Hauptbahnhof
65%
Niedersachsen Osnabrück Hauptbahnhof
65%
Bayern Regensburg Hauptbahnhof
65%
Bayern Fürth (Bayern) Hauptbahnhof
64%
Rheinland-Pfalz Trier Hauptbahnhof
64%
Nordrhein-Westfalen Wuppertal Hauptbahnhof
64%
Nordrhein-Westfalen Gelsenkirchen Hauptbahnhof
62%
Niedersachsen Oldenburg Hauptbahnhof
62%
Nordrhein-Westfalen Mönchengladbach Hauptbahnhof
61%
Thüringen Gera Hauptbahnhof
59%
Rheinland-Pfalz Kaiserslautern Hauptbahnhof
58%
Rheinland-Pfalz Ludwigshafen (Rhein) Hauptbahnhof
58%
Hessen Offenbach (Main) Hauptbahnhof
57%
Nordrhein-Westfalen Paderborn Hauptbahnhof
57%
Nordrhein-Westfalen Oberhausen Hauptbahnhof
56%
Bayern Passau Hauptbahnhof
56%
Bayern Aschaffenburg Hauptbahnhof
52%
Brandenburg Brandenburg Hauptbahnhof
52%
Nordrhein-Westfalen Hagen Hauptbahnhof
51%
Baden-Württemberg Heilbronn Hauptbahnhof
51%
Bayern Bayreuth Hauptbahnhof
50%
Nordrhein-Westfalen Solingen Hauptbahnhof
50%
Nordrhein-Westfalen Krefeld Hauptbahnhof
49%
Sachsen Zwickau (Sachs) Hauptbahnhof
49%
Hessen Hanau Hauptbahnhof
46%
Baden-Württemberg Pforzheim Hauptbahnhof
45%
Nordrhein-Westfalen Recklinghausen Hauptbahnhof
45%
Mecklenburg-Vorpommern Stralsund Hauptbahnhof
45%
Bayern Hof Hauptbahnhof
43%
Baden-Württemberg Reutlingen Hauptbahnhof
43%
Baden-Württemberg Tübingen Hauptbahnhof
43%
Nordrhein-Westfalen Mülheim (Ruhr) Hauptbahnhof
42%
Nordrhein-Westfalen Neuss Hauptbahnhof
42%
Niedersachsen Hildesheim Hauptbahnhof
40%
Saarland Saarlouis Hauptbahnhof
40%
Nordrhein-Westfalen Bottrop Hauptbahnhof
39%
Niedersachsen Emden Hauptbahnhof
38%
Rheinland-Pfalz Worms Hauptbahnhof
38%
Sachsen-Anhalt Dessau Hauptbahnhof
35%
Nordrhein-Westfalen Remscheid Hauptbahnhof
35%
Saarland Homburg (Saar) Hauptbahnhof
33%
Bayern Schweinfurt Hauptbahnhof
33%
Nordrhein-Westfalen Witten Hauptbahnhof
33%
Bayern Kempten (Allgäu) Hauptbahnhof
32%
Rheinland-Pfalz Speyer Hauptbahnhof
32%
Nordrhein-Westfalen Gütersloh Hauptbahnhof
29%
Bayern Landshut (Bay) Hauptbahnhof
29%
Saarland Neunkirchen (Saar) Hauptbahnhof
29%
Rheinland-Pfalz Neustadt (Weinstraße) Hauptbahnhof
29%
Rheinland-Pfalz Bingen (Rhein) Hauptbahnhof
27%
Bayern Lindau Hauptbahnhof
27%
Rheinland-Pfalz Landau (Pfalz) Hauptbahnhof
26%
Rheinland-Pfalz Pirmasens Hauptbahnhof
25%
Rheinland-Pfalz Zweibrücken Hauptbahnhof
25%
Baden-Württemberg Lörrach Hauptbahnhof
18%
Nordrhein-Westfalen Castrop-Rauxel Hauptbahnhof
16%
Rheinland-Pfalz Frankenthal Hauptbahnhof
16%
Mecklenburg-Vorpommern Neustrelitz Hauptbahnhof
16%
Brandenburg Eberswalde Hauptbahnhof
15%
Sachsen-Anhalt Naumburg (Saale) Hauptbahnhof
15%
Nordrhein-Westfalen Lünen Hauptbahnhof
14%
Nordrhein-Westfalen Wanne-Eickel Hauptbahnhof
14%
Baden-Württemberg Sinsheim (Elsenz) Hauptbahnhof
13%
Bayern Berchtesgaden Hauptbahnhof
12%
Bayern Deggendorf Hauptbahnhof
12%
Nordrhein-Westfalen Rheydt Hauptbahnhof
12%
Rheinland-Pfalz Boppard Hauptbahnhof
10%
Sachsen Döbeln Hauptbahnhof
10%
Baden-Württemberg Freudenstadt Hauptbahnhof
10%
Thüringen Sonneberg (Thüringen) Hauptbahnhof
10%
Thüringen Arnstadt Hauptbahnhof
9%
Nordrhein-Westfalen Gevelsberg Hauptbahnhof
9%
Rheinland-Pfalz Wittlich Hauptbahnhof
9%
Baden-Württemberg Bad Friedrichshall Hauptbahnhof
8%
Nordrhein-Westfalen Eschweiler Hauptbahnhof
8%
Nordrhein-Westfalen Stolberg (Rheinland) Hauptbahnhof
8%
Sachsen-Anhalt Thale Hauptbahnhof
7%
Baden-Württemberg Öhringen Hauptbahnhof
6%
Keine übereinstimmenden Quizze gefunden
Verteilung der Resultate
Anzahl Personen mit jedem Resultat
Perzentil nach korrekt beantworteten Fragen
Ihre Resultats-Entwicklung
Sie haben dieses Quiz noch nicht gespielt